| 000 | 00414 a2200133 4500 | ||
|---|---|---|---|
| 020 | _a0849996651 | ||
| 020 | _a9780849996658 | ||
| 050 |
_aHG781 _b.M67 2002 |
||
| 100 |
_aMorgan, Brian. _98914 |
||
| 245 |
_aThe legend of the Christmas prayer / _cBrian Morgan; Sergio Martinez |
||
| 260 |
_aNashville, Tenn. : _bJ. Countryman, _c♭2002. |
||
| 300 |
_a58 pages : _bcolor illustrations ; _c17 cm. |
||
| 942 |
_2lcc _cBK _n0 |
||
| 999 |
_c4375 _d4375 |
||